[Event "WCO2014"]
[Site "Tromso"]
[Date "2014.08.12"]
[Round "10.40"]
[WhiteID "7300867"]
[White "Mencos Maria"]
[BlackID "7500440"]
[Black "Salim-Moussa Seydi"]
[Result "1-0"]
[LiveChessVersion "1.4.3"]
[BlackElo "1724"]
[WhiteElo "1808"]

1. e4 {[%clk 1:30:58]} e5 {[%clk 1:30:54]} 2. Bc4 {[%clk 1:31:20]} Nf6
{[%clk 1:30:58]} 3. d3 {[%clk 1:31:44]} h6 {[%clk 1:30:57]} 4. Nf3
{[%clk 1:32:03]} d5 {[%clk 1:24:14]} 5. exd5 {[%clk 1:32:13]} Nxd5
{[%clk 1:24:33]} 6. Nxe5 {[%clk 1:31:42]} Qe7 {[%clk 1:23:23]} 7. O-O
{[%clk 1:32:00]} Be6 {[%clk 1:20:51]} 8. Re1 {[%clk 1:30:01]} Qd6
{[%clk 1:14:19]} 9. Bxd5 {[%clk 1:22:15]} Qxd5 {[%clk 1:13:23]} 10. Nc3
{[%clk 1:19:37]} Qd8 {[%clk 1:11:31]} 11. Qf3 {[%clk 1:18:22]} Be7
{[%clk 0:57:19]} 12. Qxb7 {[%clk 1:18:31]} Nd7 {[%clk 0:57:11]} 13. Nxd7
{[%clk 1:17:39]} Bxd7 {[%clk 0:56:09]} 14. Nd5 {[%clk 1:17:40]} O-O
{[%clk 0:44:37]} 15. Nxe7+ {[%clk 1:17:05]} Kh8 {[%clk 0:44:42]} 16. Bf4
{[%clk 1:17:19]} Rb8 {[%clk 0:42:10]} 17. Qxa7 {[%clk 1:17:32]} 1-0

[Event "WCO2014"]
[Site "Tromso"]
[Date "2014.08.12"]
[Round "10.36"]
[WhiteID "8500924"]
[White "Olatunji Oluwatobiloba"]
[BlackID "11400102"]
[Black "Lyons Kieran"]
[Result "1-0"]
[LiveChessVersion "1.4.3"]
[BlackElo "1811"]
[WhiteElo "1860"]

1. Nf3 {[%clk 1:30:55]} d5 {[%clk 1:29:02]} 2. d4 {[%clk 1:31:02]} e6
{[%clk 1:28:43]} 3. c4 {[%clk 1:31:22]} c6 {[%clk 1:28:51]} 4. e3
{[%clk 1:30:01]} f5 {[%clk 1:29:05]} 5. Nc3 {[%clk 1:30:00]} Bd6 {[%clk 1:28:57]}
6. Be2 {[%clk 1:28:01]} Nf6 {[%clk 1:29:16]} 7. a3 {[%clk 1:28:01]} Nbd7
{[%clk 1:28:52]} 8. b4 {[%clk 1:28:14]} Ne4 {[%clk 1:28:22]} 9. Qc2
{[%clk 1:28:03]} g5 {[%clk 1:19:43]} 10. h3 {[%clk 1:26:36]} g4 {[%clk 1:09:04]}
11. Nxe4 {[%clk 1:26:32]} fxe4 {[%clk 0:59:30]} 12. Ng1 {[%clk 1:24:36]} g3
{[%clk 0:58:09]} 13. f4 {[%clk 1:23:46]} a6 {[%clk 0:46:57]} 14. c5
{[%clk 1:18:52]} Bc7 {[%clk 0:46:36]} 15. Bd1 {[%clk 1:18:12]} h5
{[%clk 0:44:36]} 16. Ne2 {[%clk 1:14:35]} h4 {[%clk 0:44:59]} 17. Nc3
{[%clk 1:14:26]} Nf6 {[%clk 0:41:33]} 18. Bd2 {[%clk 1:08:49]} Bd7
{[%clk 0:41:09]} 19. Be2 {[%clk 1:08:10]} Ke7 {[%clk 0:39:14]} 20. a4
{[%clk 1:07:54]} Be8 {[%clk 0:34:38]} 21. Ra2 {[%clk 1:05:37]} Bg6
{[%clk 0:31:36]} 22. b5 {[%clk 1:00:13]} axb5 {[%clk 0:31:20]} 23. axb5
{[%clk 1:00:38]} Ba5 {[%clk 0:23:00]} 24. Na4 {[%clk 0:51:05]} Bxd2+
{[%clk 0:22:26]} 25. Qxd2 {[%clk 0:47:38]} cxb5 {[%clk 0:16:53]} 26. Bxb5
{[%clk 0:47:49]} Qa5 {[%clk 0:17:08]} 27. Qxa5 {[%clk 0:41:51]} Rxa5
{[%clk 0:17:34]} 28. Rb2 {[%clk 0:39:49]} Rb8 {[%clk 0:13:12]} 29. Kd2
{[%clk 0:39:39]} Be8 {[%clk 0:13:23]} 30. Bxe8 Nxe8 {[%clk 0:12:58]} 31. Nc3
{[%clk 0:34:24]} b6 {[%clk 0:08:37]} 32. Rhb1 {[%clk 0:32:27]} Ra6
{[%clk 0:07:11]} 33. Rxb6 {[%clk 0:30:00]} Raxb6 {[%clk 0:07:07]} 34. Rxb6
{[%clk 0:30:19]} Rxb6 {[%clk 0:07:34]} 35. cxb6 {[%clk 0:30:45]} Nd6
{[%clk 0:08:00]} 36. Na4 {[%clk 0:29:43]} Kd7 {[%clk 0:08:10]} 37. Nc5+
{[%clk 0:29:24]} Kc6 {[%clk 0:07:50]} 38. Nxe6 {[%clk 0:26:11]} Kxb6
{[%clk 0:08:09]} 39. Ng7 {[%clk 0:24:20]} Nc4+ {[%clk 0:05:53]} 40. Ke2
{[%clk 0:24:34]} Nd6 {[%clk 0:06:08]} 41. f5 {[%clk 0:19:51]} Kc7
{[%clk 0:06:15]} 42. f6 {[%clk 0:19:47]} Kd7 {[%clk 0:06:39]} 43. Nh5
{[%clk 0:17:51]} Nc8 {[%clk 0:04:12]} 44. Nf4 {[%clk 0:17:40]} Nb6
{[%clk 0:03:45]} 45. Kd2 {[%clk 0:14:07]} Ke8 {[%clk 0:03:32]} 46. Kc3
{[%clk 0:13:36]} Kf7 {[%clk 0:02:17]} 47. Kb4 {[%clk 0:13:18]} Nc4
{[%clk 0:01:12]} 48. Nxd5 {[%clk 0:11:09]} Nb2 {[%clk 0:01:34]} 49. Kc3
{[%clk 0:08:58]} Nd3 {[%clk 0:01:28]} 50. Nf4 {[%clk 0:08:36]} Nxf4
{[%clk 0:01:06]} 51. exf4 {[%clk 0:08:59]} Kxf6 {[%clk 0:01:33]} 52. Kd2
{[%clk 0:09:19]} 1-0

[Event "WCO2014"]
[Site "Tromso"]
[Date "2014.08.12"]
[Round "10.6"]
[WhiteID "12100145"]
[White "Al-Khelaifi Kholoud"]
[BlackID "5501156"]
[Black "Matoussi Amani"]
[Result "0-1"]
[LiveChessVersion "1.4.3"]
[BlackElo "1627"]
[WhiteElo "1511"]

1. d4 {[%clk 1:30:57]} d5 {[%clk 1:30:56]} 2. c4 {[%clk 1:31:17]} e6
{[%clk 1:31:09]} 3. Nc3 {[%clk 1:31:23]} Nf6 {[%clk 1:31:34]} 4. cxd5
{[%clk 1:31:28]} exd5 {[%clk 1:32:00]} 5. Bg5 {[%clk 1:31:41]} Be7
{[%clk 1:32:03]} 6. e3 {[%clk 1:31:44]} c6 {[%clk 1:31:43]} 7. Bd3
{[%clk 1:31:44]} O-O {[%clk 1:29:16]} 8. Qc2 {[%clk 1:31:38]} h6 {[%clk 1:28:49]}
9. Bf4 {[%clk 1:31:41]} Re8 {[%clk 1:26:47]} 10. Nf3 {[%clk 1:31:36]} Bd6
{[%clk 1:25:41]} 11. Ne5 {[%clk 1:21:23]} Qc7 {[%clk 1:12:38]} 12. O-O
{[%clk 1:13:27]} Nbd7 {[%clk 1:09:02]} 13. Nxd7 {[%clk 1:02:23]} Bxd7
{[%clk 1:08:29]} 14. Bxd6 {[%clk 0:59:47]} Qxd6 {[%clk 1:08:43]} 15. h3
{[%clk 0:56:06]} Rac8 {[%clk 1:00:20]} 16. Qb3 {[%clk 0:44:10]} b6
{[%clk 0:53:50]} 17. Rfc1 {[%clk 0:42:24]} Rb8 {[%clk 0:40:59]} 18. a4
{[%clk 0:38:44]} Qe7 {[%clk 0:36:58]} 19. Qa3 {[%clk 0:29:45]} Qxa3
{[%clk 0:33:09]} 20. Rxa3 {[%clk 0:29:35]} c5 {[%clk 0:31:40]} 21. Bb5
{[%clk 0:18:28]} Bxb5 {[%clk 0:31:16]} 22. Nxb5 {[%clk 0:18:35]} a6
{[%clk 0:30:57]} 23. Nd6 {[%clk 0:16:45]} Re6 {[%clk 0:27:18]} 24. Nf5
{[%clk 0:15:56]} c4 {[%clk 0:26:17]} 25. Ng3 {[%clk 0:16:03]} b5 {[%clk 0:25:17]}
26. b4 {[%clk 0:07:29]} bxa4 {[%clk 0:16:48]} 27. Rxa4 {[%clk 0:07:41]} Reb6
{[%clk 0:16:55]} 28. Ne2 {[%clk 0:05:28]} Rxb4 {[%clk 0:13:48]} 29. Rxa6
{[%clk 0:05:22]} Rb1 {[%clk 0:13:42]} 30. Ra1 {[%clk 0:05:12]} Rxa1
{[%clk 0:09:52]} 31. Rxa1 {[%clk 0:05:39]} Rb3 {[%clk 0:08:14]} 32. Ra8+
{[%clk 0:04:58]} Kh7 {[%clk 0:08:39]} 33. Rc8 {[%clk 0:05:23]} Rb1+
{[%clk 0:08:12]} 34. Kh2 {[%clk 0:05:45]} Rb2 {[%clk 0:08:27]} 35. Nf4
{[%clk 0:05:24]} g5 {[%clk 0:07:15]} 36. Rc6 {[%clk 0:04:24]} Kg7
{[%clk 0:07:20]} 37. Nxd5 {[%clk 0:04:01]} Nxd5 {[%clk 0:07:44]} 38. Rxc4
{[%clk 0:04:27]} Rxf2 {[%clk 0:07:49]} 39. Kg3 {[%clk 0:04:28]} Rxg2+
{[%clk 0:07:38]} 40. Kf3 {[%clk 0:04:01]} Rh2 {[%clk 0:07:03]} 41. Ke4
{[%clk 0:03:53]} Nf6+ {[%clk 0:07:01]} 0-1

[Event "WCO2014"]
[Site "Tromso"]
[Date "2014.08.12"]
[Round "10.7"]
[WhiteID "5501148"]
[White "Marzouk Amira"]
[BlackID "12100510"]
[Black "Safar Alshaymaa"]
[Result "1-0"]
[LiveChessVersion "1.4.3"]
[BlackElo "1594"]
[WhiteElo "1669"]

1. Nf3 {[%clk 1:30:51]} c6 {[%clk 1:30:40]} 2. d3 {[%clk 1:30:39]} d5
{[%clk 1:30:48]} 3. Nbd2 {[%clk 1:30:48]} Nf6 {[%clk 1:29:01]} 4. e4
{[%clk 1:30:00]} Bg4 {[%clk 1:26:34]} 5. e5 {[%clk 1:23:50]} Nfd7
{[%clk 1:26:33]} 6. h3 {[%clk 1:23:14]} Bh5 {[%clk 1:24:43]} 7. g4
{[%clk 1:22:17]} Bg6 {[%clk 1:24:28]} 8. Qe2 {[%clk 1:21:34]} e6 {[%clk 1:24:25]}
9. Bg2 {[%clk 1:20:51]} Be7 {[%clk 1:23:51]} 10. O-O {[%clk 1:18:39]} Qc7
{[%clk 1:21:56]} 11. Re1 {[%clk 1:16:10]} Na6 {[%clk 1:21:59]} 12. c3
{[%clk 1:11:46]} Nac5 {[%clk 1:18:28]} 13. d4 {[%clk 1:09:40]} Nd3
{[%clk 1:18:30]} 14. Rd1 {[%clk 1:10:05]} Nf4 {[%clk 1:18:40]} 15. Qe3
{[%clk 1:09:46]} Nxg2 {[%clk 1:18:53]} 16. Kxg2 {[%clk 1:10:07]} c5
{[%clk 1:15:14]} 17. Nf1 {[%clk 1:04:30]} O-O {[%clk 1:12:15]} 18. h4
{[%clk 0:59:58]} h6 {[%clk 1:10:07]} 19. h5 {[%clk 1:00:01]} Be4 {[%clk 1:08:29]}
20. Ng3 {[%clk 0:58:09]} Bxf3+ {[%clk 0:47:58]} 21. Qxf3 {[%clk 0:58:20]} f6
{[%clk 0:48:27]} 22. exf6 {[%clk 0:48:39]} Rxf6 {[%clk 0:41:04]} 23. Qe2
{[%clk 0:45:14]} Raf8 {[%clk 0:39:30]} 24. Rf1 {[%clk 0:44:49]} Bd6
{[%clk 0:38:51]} 25. g5 {[%clk 0:39:44]} hxg5 {[%clk 0:26:15]} 26. Bxg5
{[%clk 0:40:06]} R6f7 {[%clk 0:06:19]} 27. Qxe6 {[%clk 0:40:06]} Qc6
{[%clk 0:05:52]} 28. Nf5 {[%clk 0:34:23]} Kh8 {[%clk 0:00:42]} 29. Nxd6
{[%clk 0:30:36]} Rf3 {[%clk 0:00:41]} 30. h6 {[%clk 0:29:53]} gxh6
{[%clk 0:00:41]} 31. Qxh6+ {[%clk 0:30:10]} Kg8 {[%clk 0:00:53]} 32. Qg6+
{[%clk 0:30:27]} Kh8 {[%clk 0:01:09]} 33. Rh1+ {[%clk 0:30:51]} 1-0

[Event "WCO2014"]
[Site "Tromso"]
[Date "2014.08.12"]
[Round "10.41"]
[WhiteID "8200335"]
[White "Frijde Reyna"]
[BlackID "14800144"]
[Black "Vilhete Vania Fausto Da T."]
[Result "0-1"]
[LiveChessVersion "1.4.3"]
[BlackElo "1832"]
[WhiteElo "1607"]

1. d4 {[%clk 1:30:56]} d5 {[%clk 1:30:53]} 2. Nf3 {[%clk 1:31:17]} e6
{[%clk 1:31:15]} 3. e3 {[%clk 1:31:30]} c5 {[%clk 1:31:35]} 4. c3
{[%clk 1:31:48]} Nf6 {[%clk 1:31:57]} 5. Bd3 {[%clk 1:31:12]} Bd6
{[%clk 1:32:13]} 6. dxc5 {[%clk 1:31:21]} Bxc5 {[%clk 1:32:35]} 7. O-O
{[%clk 1:30:32]} Nc6 {[%clk 1:32:59]} 8. b3 {[%clk 1:25:03]} O-O {[%clk 1:33:18]}
9. Bb2 {[%clk 1:25:23]} e5 {[%clk 1:32:40]} 10. Bc2 {[%clk 1:25:25]} e4
{[%clk 1:30:20]} 11. Nd4 {[%clk 1:24:58]} Bg4 {[%clk 1:26:05]} 12. Qd2
{[%clk 1:14:42]} Ne5 {[%clk 1:25:04]} 13. Ba3 {[%clk 1:14:31]} Bxa3
{[%clk 1:21:33]} 14. Nxa3 {[%clk 1:14:58]} Rc8 {[%clk 1:21:50]} 15. Bd1
{[%clk 1:13:32]} Bxd1 {[%clk 1:16:51]} 16. Raxd1 {[%clk 1:10:34]} a6
{[%clk 1:12:36]} 17. f3 {[%clk 1:03:38]} Nfd7 {[%clk 0:53:30]} 18. Nb1
{[%clk 0:58:28]} Nd3 {[%clk 0:51:19]} 19. fxe4 {[%clk 0:51:04]} dxe4
{[%clk 0:51:34]} 20. Ne2 {[%clk 0:51:12]} N7e5 {[%clk 0:42:36]} 21. c4
{[%clk 0:49:07]} Qh4 {[%clk 0:39:50]} 22. h3 {[%clk 0:42:42]} Qg5
{[%clk 0:38:07]} 23. Kh1 {[%clk 0:37:05]} Rcd8 {[%clk 0:38:00]} 24. Nf4
{[%clk 0:34:36]} Qg3 {[%clk 0:25:17]} 25. Qe2 {[%clk 0:30:47]} Nf2+
{[%clk 0:15:50]} 26. Kg1 {[%clk 0:30:08]} Rxd1 {[%clk 0:12:39]} 27. Rxd1
{[%clk 0:30:26]} Nxd1 {[%clk 0:12:54]} 28. Qxd1 {[%clk 0:30:49]} Qxe3+
{[%clk 0:13:17]} 0-1

[Event "WCO2014"]
[Site "Tromso"]
[Date "2014.08.12"]
[Round "10.43"]
[WhiteID "8200521"]
[White "Ramos Dos Rosangela"]
[BlackID "14800250"]
[Black "Castro Neusa Aridas De"]
[Result "1-0"]
[LiveChessVersion "1.4.3"]
[BlackElo "1467"]
[WhiteElo "1723"]

1. e4 {[%clk 1:30:57]} e6 {[%clk 1:30:46]} 2. d3 {[%clk 1:31:17]} Nc6
{[%clk 1:29:37]} 3. Nf3 {[%clk 1:31:09]} d5 {[%clk 1:28:48]} 4. Nbd2
{[%clk 1:30:16]} dxe4 {[%clk 1:27:35]} 5. dxe4 {[%clk 1:29:56]} Bb4
{[%clk 1:26:39]} 6. c3 {[%clk 1:24:13]} Bc5 {[%clk 1:26:09]} 7. Qc2
{[%clk 1:23:03]} Nf6 {[%clk 1:24:16]} 8. Bd3 {[%clk 1:22:46]} g6 {[%clk 1:20:14]}
9. O-O {[%clk 1:20:30]} O-O {[%clk 1:19:38]} 10. h3 {[%clk 1:18:11]} a6
{[%clk 1:18:18]} 11. e5 {[%clk 1:10:46]} Nh5 {[%clk 1:17:39]} 12. Ne4
{[%clk 1:06:34]} Be7 {[%clk 1:15:30]} 13. Bh6 {[%clk 1:02:23]} Ng7
{[%clk 1:09:42]} 14. Rad1 {[%clk 1:01:57]} Bd7 {[%clk 1:09:31]} 15. Qc1
{[%clk 0:54:19]} f6 {[%clk 1:08:06]} 16. exf6 {[%clk 0:47:25]} Bxf6
{[%clk 1:08:05]} 17. Nxf6+ {[%clk 0:46:53]} Rxf6 {[%clk 1:07:43]} 18. Bg5
{[%clk 0:46:25]} Ne8 {[%clk 1:02:23]} 19. Bxf6 {[%clk 0:36:52]} Nxf6
{[%clk 1:02:47]} 20. Bc4 {[%clk 0:35:09]} Qf8 {[%clk 0:57:51]} 21. Qf4
{[%clk 0:32:50]} Rc8 {[%clk 0:55:35]} 22. Rfe1 {[%clk 0:28:11]} Nd8
{[%clk 0:46:09]} 23. Ne5 {[%clk 0:22:05]} Qe7 {[%clk 0:32:12]} 24. Nxd7
{[%clk 0:17:12]} Nxd7 {[%clk 0:32:32]} 25. Qe3 {[%clk 0:15:20]} Nf8
{[%clk 0:31:32]} 26. Rd2 {[%clk 0:11:17]} Kf7 {[%clk 0:29:10]} 27. Qf3+
{[%clk 0:08:00]} Qf6 {[%clk 0:28:43]} 28. Rd3 {[%clk 0:06:38]} Qxf3
{[%clk 0:23:15]} 29. Rxf3+ {[%clk 0:07:04]} Ke7 {[%clk 0:23:35]} 30. Rfe3
{[%clk 0:05:30]} c5 {[%clk 0:20:16]} 31. a4 {[%clk 0:05:05]} Rb8 {[%clk 0:19:28]}
32. a5 {[%clk 0:03:39]} b5 {[%clk 0:17:25]} 33. axb6 {[%clk 0:03:38]} Rxb6
{[%clk 0:17:45]} 34. R1e2 {[%clk 0:02:10]} Rd6 {[%clk 0:13:14]} 35. Re1
{[%clk 0:01:19]} Rb6 {[%clk 0:13:11]} 36. b3 {[%clk 0:01:39]} Nb7
{[%clk 0:13:25]} 37. Re5 {[%clk 0:01:12]} Na5 {[%clk 0:12:48]} 38. Rxc5
{[%clk 0:01:16]} Nxb3 {[%clk 0:12:35]} 39. Bxb3 {[%clk 0:01:20]} Rxb3 40. Ra1
{[%clk 0:01:06]} Rb6 {[%clk 0:12:31]} 41. Rca5 {[%clk 0:01:08]} Rc6
{[%clk 0:12:45]} 42. R1a3 {[%clk 0:01:06]} Rd6 {[%clk 0:08:22]} 43. Rxa6
{[%clk 0:00:55]} Rd1+ {[%clk 0:08:46]} 44. Kh2 {[%clk 0:01:05]} Rd2
{[%clk 0:06:21]} 45. Ra2 {[%clk 0:27:59]} Rd8 {[%clk 0:33:39]} 46. c4
{[%clk 0:25:32]} Rc8 {[%clk 0:32:34]} 47. Rc2 {[%clk 0:21:49]} h5
{[%clk 0:29:37]} 48. c5 {[%clk 0:17:20]} Kd7 {[%clk 0:25:12]} 49. c6+
{[%clk 0:10:05]} Kc7 {[%clk 0:25:28]} 50. Ra7+ {[%clk 0:08:13]} Kb6
{[%clk 0:25:49]} 51. Rb7+ {[%clk 0:08:26]} Ka6 {[%clk 0:26:12]} 52. Ra2#
{[%clk 0:08:46]} 1-0

[Event "WCO2014"]
[Site "Tromso"]
[Date "2014.08.12"]
[Round "10.1"]
[WhiteID "11001305"]
[White "Wakuruwarewa Colletta"]
[BlackID "11100540"]
[Black "Blackman Katrina"]
[Result "0-1"]
[LiveChessVersion "1.4.3"]
[BlackElo "1627"]
[WhiteElo "1633"]

1. e4 {[%clk 1:30:57]} e6 {[%clk 1:30:59]} 2. d4 {[%clk 1:30:57]} d5
{[%clk 1:31:27]} 3. e5 {[%clk 1:31:21]} c5 {[%clk 1:31:46]} 4. c3
{[%clk 1:31:50]} Nc6 {[%clk 1:32:03]} 5. Nf3 {[%clk 1:32:12]} Qb6
{[%clk 1:32:15]} 6. Bd3 {[%clk 1:32:19]} Bd7 {[%clk 1:30:07]} 7. Bc2
{[%clk 1:31:55]} cxd4 {[%clk 1:29:39]} 8. cxd4 {[%clk 1:32:09]} Nb4
{[%clk 1:18:25]} 9. O-O {[%clk 1:30:38]} Nxc2 {[%clk 1:18:42]} 10. Qxc2
{[%clk 1:31:02]} Ne7 {[%clk 1:15:19]} 11. Nc3 {[%clk 1:28:13]} Nf5
{[%clk 1:14:06]} 12. Be3 {[%clk 1:27:14]} Be7 {[%clk 1:13:51]} 13. Rad1
{[%clk 1:26:51]} Rc8 {[%clk 1:12:59]} 14. Bc1 {[%clk 1:25:55]} O-O
{[%clk 1:10:56]} 15. Rfe1 {[%clk 1:24:09]} Rc7 {[%clk 1:07:40]} 16. g4
{[%clk 1:23:12]} Nh6 {[%clk 1:02:59]} 17. Bxh6 {[%clk 1:19:16]} gxh6
{[%clk 1:03:27]} 18. Qd2 {[%clk 1:18:12]} Kh8 {[%clk 1:03:00]} 19. Qxh6
{[%clk 1:17:03]} Rg8 {[%clk 1:03:27]} 20. Kh1 {[%clk 1:16:09]} Qxb2
{[%clk 1:01:10]} 21. Ne2 {[%clk 1:15:26]} Qa3 {[%clk 1:00:02]} 22. Qf4
{[%clk 1:12:55]} Be8 {[%clk 0:55:12]} 23. h4 {[%clk 1:11:59]} Rc2
{[%clk 0:52:53]} 24. Rc1 {[%clk 1:11:02]} Qxa2 {[%clk 0:52:39]} 25. Rxc2 Qxc2 26.
h5 {[%clk 1:07:34]} Qe4 {[%clk 0:52:15]} 27. Qxe4 {[%clk 1:06:09]} dxe4
{[%clk 0:52:43]} 28. Nh2 {[%clk 1:06:26]} Bc6 {[%clk 0:52:37]} 29. Kg1
{[%clk 1:05:15]} a5 {[%clk 0:51:34]} 30. Ng3 {[%clk 1:05:00]} Rd8
{[%clk 0:51:28]} 31. Nxe4 {[%clk 1:04:03]} Rxd4 {[%clk 0:50:44]} 32. Nd6
{[%clk 1:01:32]} Bxd6 {[%clk 0:49:24]} 33. exd6 {[%clk 1:02:00]} Rxd6
{[%clk 0:49:41]} 34. h6 {[%clk 1:01:41]} Kg8 {[%clk 0:48:36]} 35. g5
{[%clk 1:01:10]} Rd4 {[%clk 0:48:08]} 36. Rc1 {[%clk 0:58:01]} Rf4
{[%clk 0:46:08]} 37. Rd1 {[%clk 0:55:47]} f5 {[%clk 0:46:36]} 38. Rd8+
{[%clk 0:53:59]} Kf7 {[%clk 0:47:04]} 39. Rh8 {[%clk 0:54:24]} Kg6
{[%clk 0:45:30]} 40. Rg8+ {[%clk 0:54:44]} Kh5 {[%clk 0:45:37]} 41. Kf1
{[%clk 0:51:24]} Rh4 {[%clk 0:42:59]} 42. Kg1 {[%clk 0:47:37]} Rd4
{[%clk 0:42:06]} 43. Kf1 {[%clk 0:47:07]} e5 {[%clk 0:38:24]} 44. Ke2
{[%clk 0:46:43]} a4 {[%clk 0:34:32]} 45. Ke1 {[%clk 0:45:56]} a3 {[%clk 0:34:00]}
46. g6 {[%clk 0:46:15]} a2 {[%clk 0:33:08]} 47. Ra8 {[%clk 0:46:32]} Ra4
{[%clk 0:32:10]} 48. Rxa4 {[%clk 0:46:50]} Bxa4 {[%clk 0:32:36]} 49. gxh7
{[%clk 0:47:18]} a1=Q+ {[%clk 0:32:55]} 50. Kd2 {[%clk 0:47:42]} 0-1

[Event "WCO2014"]
[Site "Tromso"]
[Date "2014.08.12"]
[Round "10.2"]
[WhiteID "11102470"]
[White "Murray Donna"]
[BlackID "11001313"]
[Black "Zengeni Tatenda Melisa"]
[Result "0-1"]
[LiveChessVersion "1.4.3"]
[BlackElo "1660"]
[WhiteElo "1454"]

1. d4 {[%clk 1:30:58]} Nf6 {[%clk 1:30:49]} 2. Nf3 {[%clk 1:31:14]} e6
{[%clk 1:31:17]} 3. c4 {[%clk 1:30:57]} b6 {[%clk 1:31:38]} 4. Nc3
{[%clk 1:31:08]} Bb7 {[%clk 1:32:04]} 5. Bg5 {[%clk 1:30:57]} d5 {[%clk 1:31:57]}
6. e3 {[%clk 1:30:58]} Bd6 {[%clk 1:31:00]} 7. Rc1 {[%clk 1:28:48]} Nbd7
{[%clk 1:31:10]} 8. Bd3 {[%clk 1:28:55]} h6 {[%clk 1:29:23]} 9. Bh4
{[%clk 1:29:16]} O-O {[%clk 1:25:25]} 10. O-O {[%clk 1:29:34]} a6
{[%clk 1:24:14]} 11. a3 {[%clk 1:24:37]} c5 {[%clk 1:23:08]} 12. cxd5
{[%clk 1:19:06]} exd5 {[%clk 1:23:14]} 13. dxc5 {[%clk 1:15:29]} Nxc5
{[%clk 1:21:02]} 14. Bb1 {[%clk 1:12:35]} Re8 {[%clk 1:18:35]} 15. Qc2
{[%clk 1:12:33]} Nce4 {[%clk 1:14:04]} 16. Rfd1 {[%clk 1:09:09]} g5
{[%clk 1:08:49]} 17. Bg3 {[%clk 1:05:55]} Nxg3 {[%clk 1:06:54]} 18. hxg3
{[%clk 1:06:07]} Qd7 {[%clk 0:57:40]} 19. Nd4 {[%clk 1:00:51]} Bf8
{[%clk 0:38:49]} 20. Qb3 {[%clk 0:54:36]} b5 {[%clk 0:37:18]} 21. Ba2
{[%clk 0:49:54]} Rad8 {[%clk 0:34:24]} 22. Qc2 {[%clk 0:41:18]} Bg7
{[%clk 0:29:36]} 23. b4 {[%clk 0:38:16]} Qe7 {[%clk 0:25:06]} 24. Qd2
{[%clk 0:25:31]} Ne4 {[%clk 0:20:01]} 25. Nxe4 {[%clk 0:18:33]} dxe4
{[%clk 0:19:29]} 26. Rc5 {[%clk 0:18:34]} Bxd4 {[%clk 0:18:25]} 27. exd4
{[%clk 0:18:13]} e3 {[%clk 0:18:20]} 28. Qd3 {[%clk 0:16:45]} exf2+
{[%clk 0:15:30]} 29. Kxf2 {[%clk 0:04:24]} Qe4 30. Qf3 {[%clk 0:02:33]} Qxf3+
{[%clk 0:10:02]} 31. gxf3 {[%clk 0:02:53]} Re7 {[%clk 0:10:14]} 32. d5
{[%clk 0:01:53]} Red7 {[%clk 0:08:24]} 33. Ke3 {[%clk 0:02:10]} Kg7
{[%clk 0:08:42]} 34. Ke4 {[%clk 0:02:09]} Kf6 {[%clk 0:09:00]} 35. Ke3
{[%clk 0:00:54]} Rd6 {[%clk 0:06:18]} 36. g4 {[%clk 0:00:47]} Ke5
{[%clk 0:06:29]} 37. Rc7 {[%clk 0:00:53]} Bxd5 {[%clk 0:06:03]} 38. Bxd5
{[%clk 0:01:12]} Rxd5 {[%clk 0:06:32]} 39. Rxd5+ {[%clk 0:01:33]} Rxd5
{[%clk 0:06:58]} 40. Rxf7 {[%clk 0:01:25]} Rd6 {[%clk 0:07:14]} 41. Rf5+
{[%clk 0:01:09]} Ke6 {[%clk 0:06:40]} 42. a4 {[%clk 0:00:42]} Rd5
{[%clk 0:05:57]} 43. Rxd5 {[%clk 0:00:58]} Kxd5 {[%clk 0:06:20]} 44. a5
{[%clk 0:28:18]} Kc4 {[%clk 0:33:26]} 45. f4 {[%clk 0:26:30]} gxf4+
{[%clk 0:32:16]} 46. Kxf4 {[%clk 0:26:53]} Kxb4 {[%clk 0:32:36]} 47. Kf5
{[%clk 0:22:57]} Kc4 {[%clk 0:31:30]} 48. Kg6 {[%clk 0:23:09]} b4
{[%clk 0:31:53]} 49. Kxh6 {[%clk 0:23:28]} b3 {[%clk 0:32:12]} 50. g5
{[%clk 0:23:54]} b2 {[%clk 0:32:24]} 51. g6 {[%clk 0:23:34]} b1=Q
{[%clk 0:32:42]} 52. Kh7 {[%clk 0:23:48]} Kb5 {[%clk 0:32:53]} 53. Kg7
{[%clk 0:22:49]} Kxa5 0-1

[Event "WCO2014"]
[Site "Tromso"]
[Date "2014.08.12"]
[Round "10.3"]
[WhiteID "11000090"]
[White "Masiyazi Rhoda"]
[BlackID "11101610"]
[Black "Ramsay Sheena"]
[Result "1-0"]
[LiveChessVersion "1.4.3"]
[BlackElo "1579"]
[WhiteElo "1920"]

1. e4 {[%clk 1:30:58]} e6 {[%clk 1:30:54]} 2. d4 {[%clk 1:31:20]} d5
{[%clk 1:31:18]} 3. exd5 {[%clk 1:31:33]} exd5 {[%clk 1:31:40]} 4. a3
{[%clk 1:31:52]} Bd6 {[%clk 1:31:45]} 5. Nc3 {[%clk 1:32:18]} Ne7
{[%clk 1:31:50]} 6. Bg5 {[%clk 1:32:37]} f6 {[%clk 1:30:42]} 7. Be3
{[%clk 1:32:27]} Be6 {[%clk 1:27:28]} 8. Bd3 {[%clk 1:32:31]} Nbc6
{[%clk 1:27:12]} 9. Nb5 {[%clk 1:32:53]} Qd7 {[%clk 1:18:37]} 10. Ne2
{[%clk 1:33:04]} Bf5 {[%clk 1:17:35]} 11. Nf4 {[%clk 1:32:46]} Bxd3
{[%clk 1:10:35]} 12. Qxd3 {[%clk 1:33:10]} O-O-O {[%clk 0:54:51]} 13. b4
{[%clk 1:33:24]} h5 {[%clk 0:46:13]} 14. Nxd6+ {[%clk 1:32:19]} Qxd6
{[%clk 0:45:47]} 15. Ne2 {[%clk 1:28:33]} g5 {[%clk 0:43:46]} 16. Bd2
{[%clk 1:28:50]} Rde8 {[%clk 0:34:56]} 17. b5 {[%clk 1:28:45]} Nb8
{[%clk 0:34:51]} 18. a4 {[%clk 1:27:08]} h4 {[%clk 0:34:48]} 19. a5
{[%clk 1:27:12]} Qd7 {[%clk 0:30:36]} 20. Bb4 {[%clk 1:25:09]} Nf5
{[%clk 0:21:42]} 21. Bc5 {[%clk 1:25:14]} Nd6 {[%clk 0:17:30]} 22. Rb1
{[%clk 1:25:25]} Nc4 {[%clk 0:15:11]} 23. Bxa7 {[%clk 1:24:38]} Nxa5
{[%clk 0:10:52]} 24. Bc5 {[%clk 1:24:23]} Re6 {[%clk 0:09:46]} 25. O-O
{[%clk 1:24:29]} Rhe8 {[%clk 0:09:42]} 26. Nc1 {[%clk 1:24:03]} Re1
{[%clk 0:06:33]} 27. Nb3 {[%clk 1:24:32]} Rxf1+ {[%clk 0:06:36]} 28. Kxf1
{[%clk 1:24:48]} Nxb3 {[%clk 0:06:54]} 29. Rxb3 {[%clk 1:24:02]} Qg4
{[%clk 0:04:13]} 30. Rb1 {[%clk 1:24:25]} Nd7 {[%clk 0:04:16]} 31. Ra1
{[%clk 1:24:17]} Qf4 {[%clk 0:03:21]} 32. Qh3 {[%clk 1:23:41]} g4
{[%clk 0:01:50]} 33. Qxh4 {[%clk 1:22:51]} Nxc5 {[%clk 0:01:58]} 34. dxc5
{[%clk 1:22:05]} Qc4+ {[%clk 0:01:35]} 35. Kg1 {[%clk 1:21:59]} Kd7
{[%clk 0:01:06]} 36. Qxf6 {[%clk 1:21:45]} Qxc5 {[%clk 0:01:05]} 37. Qg7+
{[%clk 1:21:22]} Re7 {[%clk 0:00:56]} 38. Qxg4+ {[%clk 1:21:50]} Re6
{[%clk 0:00:52]} 39. Re1 {[%clk 1:21:57]} Qe7 {[%clk 0:00:40]} 40. Rxe6
{[%clk 1:21:39]} Qxe6 {[%clk 0:01:00]} 41. Qxe6+ {[%clk 1:22:08]} Kxe6
{[%clk 0:01:11]} 42. g4 {[%clk 1:21:18]} c6 {[%clk 0:01:20]} 43. bxc6
{[%clk 1:21:38]} bxc6 {[%clk 0:01:46]} 44. f4 {[%clk 1:21:47]} d4
{[%clk 0:28:53]} 45. Kf2 {[%clk 1:53:14]} c5 {[%clk 0:27:50]} 46. Ke2
{[%clk 1:53:25]} c4 {[%clk 0:27:31]} 47. h4 {[%clk 1:53:53]} Kd5 {[%clk 0:20:11]}
48. f5 1-0